Inglaterra y América del Norte (Record no. 186470)

MARC details
000 -LEADER
campo de control de longitud fija 00877nam a2200217 i 4500
001 - NÚMERO DE CONTROL
campo de control 186470
003 - IDENTIFICADOR DE NÚMERO DE CONTROL
campo de control ES-MaACL
005 - FECHA Y HORA DE LA ÚLTIMA TRANSACCIÓN
campo de control 20230906222657.0
008 - DATOS DE LONGITUD FIJA--INFORMACIÓN GENERAL
campo de control de longitud fija 161116s1969 sp |||| | spa d
100 1# - ENTRADA PRINCIPAL--NOMBRE DE PERSONA
Nombre de persona Thoorens, Léon.
9 (RLIN) 110130
245 10 - MENCIÓN DEL TÍTULO
Título Inglaterra y América del Norte
Resto del título : Gran Bretaña y Estados Unidos de América /
Mención de responsabilidad, etc. Léon Thoorens ; [traducido del francés por L. Rodríguez].
260 ## - PUBLICACIÓN, DISTRIBUCIÓN, ETC.
Lugar de publicación, distribución, etc. Madrid :
Nombre del editor, distribuidor, etc. Daimon,
Fecha de publicación, distribución, etc. D.L. 1969.
300 ## - DESCRIPCIÓN FÍSICA
Extensión 384 p., 14 h. de lám. col. y n. :
Otras características físicas il. ;
Dimensiones 19 cm.
490 1# - MENCIÓN DE SERIE
Mención de serie Panorama de las literaturas Daimon ;
Designación de volumen o secuencia 3
650 #4 - PUNTO DE ACCESO ADICIONAL DE MATERIA--TÉRMINO DE MATERIA
Término de materia o nombre geográfico como elemento de entrada Literatura norteamericana-
Subdivisión general Historia y crítica.
9 (RLIN) 14643
650 04 - PUNTO DE ACCESO ADICIONAL DE MATERIA--TÉRMINO DE MATERIA
Término de materia o nombre geográfico como elemento de entrada Literatura inglesa-
Subdivisión general Historia y crítica.
9 (RLIN) 14628
700 1# - ENTRADA AGREGADA--NOMBRE PERSONAL
Nombre de persona Rodríguez, L.
9 (RLIN) 98270
830 0# - PUNTO DE ACCESO ADICIONAL DE SERIE-TÍTULO UNIFORME
Título uniforme Panorama de las literaturas Daimon ;
Designación de volumen o secuencia 3
9 (RLIN) 192564
852 ## - LOCALIZACIÓN
Ubicación ES-MaACL
Número de control de estantería D-2311
condición física - Faltan p. 240 a 265
Holdings
Estatus retirado Estado de pérdida Estado de daño No para préstamo Biblioteca de origen Biblioteca actual Ubicación en estantería Fecha de adquisición Fuente de adquisición Total de préstamos Signatura topográfica completa Código de barras Visto por última vez Precio de reemplazo Tipo de ítem Koha
        Biblioteca del Ateneo de Madrid Biblioteca del Ateneo de Madrid Sala Valle Inclán 16/11/2016     D-2311 901196635 23/02/2023 23/02/2023 Libro impreso